| 000 | 00475pab a2200145 454500 | ||
|---|---|---|---|
| 008 | 180718b1996 xxu||||| |||| 00| 0 eng d | ||
| 100 | _aChong Chaejong | ||
| 245 | _aResearch trends in modern economic history in the Republic of Korea: industrial growth in colonial Korea (Review article) | ||
| 260 | _c1996 | ||
| 300 | _ap.1-20 | ||
| 650 | _aIndustrial development - India - Kerala | ||
| 650 | _aIndustrial development | ||
| 773 | _aAsian Research Trends | ||
| 909 | _a34003 | ||
| 999 |
_c34003 _d34003 |
||